Finland Quiz - Statistics

General Stats
  • This quiz has been taken 185 times
    78 since last reset
  • The average score is 16 of 21
Answer Stats
Hint Answer % Correct
Colours of the Finnish flag Blue
100%
Colours of the Finnish flag White
100%
Official languages Finnish
99%
Neighboring countries Norway
99%
Neighboring countries Sweden
99%
Capital of Finland Helsinki
97%
Neighboring countries Russia
97%
Official languages Swedish
94%
Currency Euro
88%
Northern part of Finland Lapland
88%
Other big cities Tampere
84%
Other big cities Turku
83%
Hot place that is consideredvery Finnish Sauna
77%
Current president Alexander Stubb
62%
Eurovision Song Contest winner Lordi
58%
Black and salty candy Salmiakki
54%
National anthem Maamme
46%
Independence Day December 6th
43%
First president K. J. Ståhlberg
39%
Ice hockey player Teemu Selänne
39%
Nickname of Finland The Land of a Thousand Lakes
25%
No matching quizzes found
Score Distribution
Percent of People with Each Score
Percentile by Number Answered
Your Score History
You have not taken this quiz since the last reset